[Event "Madrid ch Veteranos 2010-2011"]
[Site "Madrid ESP"]
[Date "2011.02.07"]
[Round "1.1"]
[White "Perez Cristobal, Alberto"]
[Black "Ortiz Herranz, Eleazar"]
[Result "0-1"]
[WhiteElo "1790"]
[BlackElo "2243"]
[PlyCount "64"]
[EventDate "2011.02.07"]
[EventType "swiss"]
[EventRounds "9"]
[EventCountry "ESP"]
[Source "lmi"]
[SourceDate "2011.02.07"]

1. e4 e6 2. Nf3 d5 3. exd5 exd5 4. d4 Bd6 5. Bd3 Ne7 6. O-O O-O 7. Re1 c6 8. b3
Bf5 9. Ba3 Bxa3 10. Nxa3 Bxd3 11. Qxd3 Ng6 12. c3 Nd7 13. Qd2 Nf6 14. Nc2 Ne4
15. Qe3 f5 16. Nd2 Nh4 17. Nxe4 fxe4 18. Qh3 Qg5 19. Ne3 Nf3+ 20. Kf1 Nxe1 21.
Rxe1 Rf6 22. Ng4 Rf4 23. Ne5 Qf5 24. Qe3 Rf8 25. Re2 Qh5 26. Kg1 Rxf2 27. Re1
Rxa2 28. h3 Rff2 29. Qxf2 Rxf2 30. Kxf2 Qh4+ 31. Kf1 Qg3 32. Rc1 Qf4+ 0-1

[Event "Madrid ch Veteranos 2010-2011"]
[Site "Madrid ESP"]
[Date "2011.02.07"]
[Round "1.2"]
[White "Pastor Alonso De Prado, Emilio Alberto"]
[Black "Diaz Begonte, Manuel"]
[Result "1-0"]
[WhiteElo "2176"]
[BlackElo "1783"]
[PlyCount "39"]
[EventDate "2011.02.07"]
[EventType "swiss"]
[EventRounds "9"]
[EventCountry "ESP"]
[Source "lmi"]
[SourceDate "2011.02.07"]

1. e4 d6 2. d4 g6 3. Nf3 Bg7 4. Be2 e6 5. O-O Ne7 6. Nc3 O-O 7. Bg5 c6 8. a4 h6
9. Be3 Nd7 10. Qd2 Kh7 11. Ne1 d5 12. f3 e5 13. dxe5 Nxe5 14. Rd1 Be6 15. f4
Ng4 16. Bc5 d4 17. Bxd4 Bxd4+ 18. Qxd4 Qxd4+ 19. Rxd4 Ne3 20. Rf3 1-0

[Event "Madrid ch Veteranos 2010-2011"]
[Site "Madrid ESP"]
[Date "2011.02.07"]
[Round "1.3"]
[White "Keller, August"]
[Black "Ciuro Munoz, Ricardo"]
[Result "1-0"]
[WhiteElo "1779"]
[BlackElo "2169"]
[PlyCount "41"]
[EventDate "2011.02.07"]
[EventType "swiss"]
[EventRounds "9"]
[EventCountry "ESP"]
[Source "lmi"]
[SourceDate "2011.02.07"]

1. e4 e6 2. d4 d5 3. exd5 exd5 4. Nf3 Nc6 5. Bd3 Bd6 6. O-O Bg4 7. Re1+ Nge7 8.
c3 Qd7 9. Nbd2 f6 10. b4 Nd8 11. Qc2 Nf7 12. a4 O-O-O 13. Ba3 g6 14. c4 Bf5 15.
c5 Bf4 16. Rxe7 Bxd3 17. Rxd7 Bxc2 18. Rxf7 g5 19. Rxf6 Rdf8 20. Rxf8+ Rxf8 21.
Nf1 1-0

[Event "Madrid ch Veteranos 2010-2011"]
[Site "Madrid ESP"]
[Date "2011.02.07"]
[Round "1.5"]
[White "Olano Lanchas, Dionisio"]
[Black "Casares Ripol, Fernando"]
[Result "0-1"]
[WhiteElo "1772"]
[BlackElo "2109"]
[PlyCount "130"]
[EventDate "2011.02.07"]
[EventType "swiss"]
[EventRounds "9"]
[EventCountry "ESP"]
[Source "lmi"]
[SourceDate "2011.02.07"]

1. d4 f5 2. f4 Nf6 3. g3 e6 4. Bg2 Be7 5. Nf3 O-O 6. O-O Ne4 7. c4 d6 8. Qb3
Kh8 9. Nc3 Nc6 10. Rd1 Qe8 11. Qc2 Nxc3 12. Qxc3 Bf6 13. e3 e5 14. fxe5 dxe5
15. b4 e4 16. Ne1 Ne7 17. Ba3 Be6 18. b5 Rc8 19. Rac1 c5 20. Qb3 cxd4 21. exd4
Bg5 22. Rc2 Qh5 23. Rb1 Rfd8 24. Bxe7 Bxe7 25. d5 Bf7 26. a4 Bg6 27. Rcc1 Bg5
28. Rd1 f4 29. gxf4 Bxf4 30. Qh3 Rxc4 31. Qxh5 Bxh5 32. Bf1 Rxa4 33. Ng2 Bxd1
34. Rxd1 Be5 35. Kh1 Rd4 36. Re1 R8xd5 37. Ne3 Rd8 38. Be2 g6 39. Nc4 Bc7 40.
Rf1 Kg7 41. Ra1 Bb6 42. Kg2 Rc8 43. Ra4 h5 44. Nxb6 Rxa4 45. Nxa4 Kf6 46. Kf2
Ke5 47. Nb2 Rc2 48. Nc4+ Kd4 49. Ne3 Rc3 50. Nd1 Rh3 51. Kg2 Rb3 52. h3 Rb1 53.
Kf2 Ra1 54. Ne3 Ra2 55. Ng2 Ke5 56. Ne3 a5 57. bxa6 bxa6 58. Nc4+ Kf4 59. Ne3
a5 60. Ng2+ Ke5 61. Ne3 a4 62. Ke1 Kd4 63. Ng2 a3 64. Nf4 Rb2 65. Ne6+ Ke3 0-1

[Event "Madrid ch Veteranos 2010-2011"]
[Site "Madrid ESP"]
[Date "2011.02.07"]
[Round "1.6"]
[White "Lorite Cruz, Francisco"]
[Black "Pardinas Riano, Emilio"]
[Result "1-0"]
[WhiteElo "2095"]
[BlackElo "1769"]
[PlyCount "77"]
[EventDate "2011.02.07"]
[EventType "swiss"]
[EventRounds "9"]
[EventCountry "ESP"]
[Source "lmi"]
[SourceDate "2011.02.07"]

1. e4 c5 2. Nf3 d6 3. d4 cxd4 4. Nxd4 Nf6 5. Nc3 a6 6. Bg5 e6 7. f4 Be7 8. Qf3
h6 9. Bh4 Qc7 10. O-O-O Nc6 11. Bf2 Bd7 12. Be2 b5 13. e5 dxe5 14. fxe5 Nh7 15.
h4 Rc8 16. Bxb5 axb5 17. Ndxb5 Qb8 18. Rxd7 Nxe5 19. Rxe7+ Kxe7 20. Qg3 Rhg8
21. Rd1 Nd7 22. Qe3 Nhf6 23. Bg3 e5 24. Nd6 Rc6 25. Bxe5 Kf8 26. Bg3 Qb6 27.
Qd2 g5 28. Nf5 Rh8 29. hxg5 hxg5 30. Qxg5 Rg8 31. Bd6+ Rxd6 32. Qh6+ Ke8 33.
Nxd6+ Ke7 34. Nf5+ Kd8 35. Qd2 Qe6 36. Qf4 Qb6 37. Nd6 Ke7 38. Nd5+ Nxd5 39.
Qxf7+ 1-0

[Event "Madrid ch Veteranos 2010-2011"]
[Site "Madrid ESP"]
[Date "2011.02.07"]
[Round "1.7"]
[White "Sanchez Rodenas, Antonio"]
[Black "Cabanas Bravo, Juan Andres"]
[Result "0-1"]
[WhiteElo "1769"]
[BlackElo "2059"]
[PlyCount "66"]
[EventDate "2011.02.07"]
[EventType "swiss"]
[EventRounds "9"]
[EventCountry "ESP"]
[Source "lmi"]
[SourceDate "2011.02.07"]

1. d4 Nf6 2. c4 e5 3. dxe5 Ng4 4. Nf3 Bc5 5. e3 Nc6 6. Be2 O-O 7. O-O Re8 8.
Nc3 Ngxe5 9. Nxe5 Nxe5 10. b3 a5 11. Bb2 Ra6 12. Nb5 Rh6 13. Bxe5 Rxe5 14. Nd4
d5 15. cxd5 Rxd5 16. Bc4 Qh4 17. Nf3 Rxd1 18. Nxh4 Rxf1+ 19. Rxf1 Rxh4 20. Rd1
Bd6 21. h3 Be6 22. Be2 a4 23. Rd3 axb3 24. axb3 Rb4 25. Bd1 Kf8 26. g4 h5 27.
f4 hxg4 28. hxg4 f6 29. Kf2 Bd7 30. Kg3 g5 31. Kf3 gxf4 32. exf4 Rxf4+ 33. Ke3
Bxg4 0-1

[Event "Madrid ch Veteranos 2010-2011"]
[Site "Madrid ESP"]
[Date "2011.02.07"]
[Round "1.8"]
[White "De Paz Nistal, Santiago"]
[Black "Fernandez Martinez, Jose"]
[Result "1-0"]
[WhiteElo "2025"]
[BlackElo "1760"]
[PlyCount "65"]
[EventDate "2011.02.07"]
[EventType "swiss"]
[EventRounds "9"]
[EventCountry "ESP"]
[Source "lmi"]
[SourceDate "2011.02.07"]

1. e4 e5 2. Nf3 Nc6 3. Bb5 a6 4. Ba4 Nf6 5. O-O Be7 6. Re1 b5 7. Bb3 d6 8. c3
O-O 9. h3 Na5 10. Bc2 c5 11. d4 Qc7 12. Nbd2 Bd7 13. d5 Rac8 14. Nf1 Nc4 15. b3
Nb6 16. Ne3 Rfe8 17. g4 g6 18. Nh2 Bf8 19. Nhf1 Bg7 20. Ng3 Bh6 21. Ng2 Bxc1
22. Qxc1 Kg7 23. f4 exf4 24. Qxf4 Rf8 25. Rf1 Ng8 26. Rf2 Rce8 27. Raf1 Bc8 28.
Nh4 Qe7 29. Nhf5+ Bxf5 30. gxf5 Nf6 31. Rg2 Nbd7 32. fxg6 fxg6 33. Nf5+ 1-0

[Event "Madrid ch Veteranos 2010-2011"]
[Site "Madrid ESP"]
[Date "2011.02.07"]
[Round "1.9"]
[White "Alfageme Sanchez, Jesus"]
[Black "Garcia Esteban, Ignacio"]
[Result "0-1"]
[WhiteElo "1752"]
[BlackElo "2024"]
[PlyCount "78"]
[EventDate "2011.02.07"]
[EventType "swiss"]
[EventRounds "9"]
[EventCountry "ESP"]
[Source "lmi"]
[SourceDate "2011.02.07"]

1. c4 Nf6 2. Nc3 g6 3. g3 Bg7 4. Bg2 d6 5. Nf3 O-O 6. O-O e5 7. d3 c6 8. e4 Bg4
9. h3 Be6 10. Be3 h6 11. Qd2 Kh7 12. d4 Bxc4 13. Rfe1 Nbd7 14. b3 Ba6 15. Rac1
Rc8 16. Nh2 b6 17. d5 c5 18. Nd1 Qe7 19. Nb2 Ng8 20. f3 f5 21. exf5 gxf5 22. f4
e4 23. Nc4 Ngf6 24. Bf2 Bb7 25. Ne3 Nh5 26. Bf1 Qf7 27. Red1 Qg6 28. Qe1 Nxf4
29. Kh1 Nh5 30. g4 fxg4 31. Nhxg4 Rce8 32. Ng2 Ndf6 33. N4e3 Bc8 34. Nh4 Qg5
35. Neg2 Bxh3 36. Rc3 Ng4 37. Bg1 Bxc3 38. Qxc3 Bxg2+ 39. Nxg2 Rf3 0-1

[Event "Madrid ch Veteranos 2010-2011"]
[Site "Madrid ESP"]
[Date "2011.02.07"]
[Round "1.10"]
[White "Rodriguez Perez, Rene"]
[Black "Corredor Gonzalez, Angel L"]
[Result "1/2-1/2"]
[WhiteElo "2022"]
[BlackElo "1748"]
[PlyCount "109"]
[EventDate "2011.02.07"]
[EventType "swiss"]
[EventRounds "9"]
[EventCountry "ESP"]
[Source "lmi"]
[SourceDate "2011.02.07"]

1. e4 e5 2. Nf3 Nf6 3. Nc3 Bb4 4. d3 O-O 5. Bd2 Nc6 6. Be2 d5 7. exd5 Nxd5 8.
Nxd5 Qxd5 9. Bxb4 Nxb4 10. c3 Nc6 11. O-O Bg4 12. h3 Bh5 13. Qc2 Rad8 14. Rfd1
Qc5 15. Rac1 Rfe8 16. b4 Qd5 17. a3 a6 18. g4 Bg6 19. Nh4 Re6 20. Nxg6 Rxg6 21.
f3 h5 22. Kh2 hxg4 23. fxg4 f5 24. Rg1 Qd6 25. gxf5 e4+ 26. Kh1 Rxg1+ 27. Rxg1
exd3 28. Qb3+ Qd5+ 29. Qxd5+ Rxd5 30. Bf3 Rd6 31. Kg2 d2 32. Be2 Ne7 33. Rf1
Nd5 34. Bc4 Kf8 35. Bxd5 Rxd5 36. Rd1 Kf7 37. Kf2 Kf6 38. Ke2 Kxf5 39. Rf1+ Kg5
40. Kd1 Rd7 41. Rf3 Kh4 42. a4 g5 43. Re3 Kh5 44. Rg3 b6 45. Re3 Kg6 46. Rf3
Rd6 47. Rg3 Kf5 48. Rf3+ Ke4 49. Rg3 Rd5 50. b5 axb5 51. axb5 Kf4 52. Rg4+ Ke3
53. Rg3+ Kf4 54. Rg4+ Kf5 55. Rg3 1/2-1/2

[Event "Madrid ch Veteranos 2010-2011"]
[Site "Madrid ESP"]
[Date "2011.02.08"]
[Round "2.1"]
[White "Ortiz Herranz, Eleazar"]
[Black "Lopez Peral, Enrique"]
[Result "1-0"]
[WhiteElo "2243"]
[BlackElo "1877"]
[PlyCount "93"]
[EventDate "2011.02.07"]
[EventType "swiss"]
[EventRounds "9"]
[EventCountry "ESP"]
[Source "lmi"]
[SourceDate "2011.02.07"]

1. Nf3 d5 2. g3 Nf6 3. Bg2 Bf5 4. c4 e6 5. Qb3 Qc8 6. Nc3 Nc6 7. cxd5 exd5 8.
Nxd5 Nxd5 9. Qxd5 Nb4 10. Qe5+ Qe6 11. Qxe6+ fxe6 12. Nd4 c6 13. O-O Nc2 14.
Nxc2 Bxc2 15. d3 g6 16. Bd2 Ba4 17. Bc3 Rg8 18. Rac1 Bg7 19. Bxg7 Rxg7 20. b3
Bb5 21. a4 Ba6 22. Rxc6 bxc6 23. Bxc6+ Ke7 24. Bxa8 Rg8 25. Bc6 Rc8 26. Bb5
Bxb5 27. axb5 Rc7 28. Ra1 Kf6 29. d4 h6 30. Ra6 Kf7 31. b6 axb6 32. Rxb6 Rc1+
33. Kg2 Rb1 34. h4 h5 35. Kf3 Rb2 36. e4 Rd2 37. Rb7+ Kf8 38. Ke3 Rd1 39. b4
Re1+ 40. Kf4 Re2 41. f3 Rd2 42. Ke3 Rg2 43. b5 Rxg3 44. b6 g5 45. Kf2 gxh4 46.
Rc7 Rg5 47. b7 1-0

[Event "Madrid ch Veteranos 2010-2011"]
[Site "Madrid ESP"]
[Date "2011.02.08"]
[Round "2.2"]
[White "Garcia Gonzalez, Pedro A"]
[Black "Pastor Alonso De Prado, Emilio Alberto"]
[Result "0-1"]
[WhiteElo "1879"]
[BlackElo "2176"]
[PlyCount "94"]
[EventDate "2011.02.07"]
[EventType "swiss"]
[EventRounds "9"]
[EventCountry "ESP"]
[Source "lmi"]
[SourceDate "2011.02.07"]

1. d4 d5 2. Nf3 Nf6 3. e3 c5 4. c3 e6 5. Bd3 Be7 6. Nbd2 O-O 7. O-O b6 8. Qe2
Bb7 9. Ne5 Qc8 10. f4 Ba6 11. c4 Nc6 12. b3 cxd4 13. Nxc6 Qxc6 14. exd4 Rfe8
15. Bb2 Rac8 16. Rac1 dxc4 17. bxc4 Qa4 18. Nf3 Ba3 19. Ne5 Red8 20. f5 exf5
21. Bc2 Qb4 22. Bxa3 Qxa3 23. Bxf5 Rc7 24. Rcd1 Qe7 25. Bd3 Bb7 26. Ng4 Nxg4
27. Qxg4 Qe3+ 28. Kh1 g6 29. d5 Re7 30. h4 Bc8 31. Qf4 Qxf4 32. Rxf4 Rde8 33.
Rdf1 Re3 34. Bb1 f5 35. Rd4 Kf7 36. h5 Kf6 37. hxg6 hxg6 38. Rh4 Ba6 39. Kh2
Ra3 40. g4 Re2+ 41. Kh1 Kg5 42. Rh2 Bxc4 43. Rxe2 Bxe2 44. d6 Bxf1 45. d7 Rh3+
46. Kg1 Rh8 47. Kxf1 Rd8 0-1

[Event "Madrid ch Veteranos 2010-2011"]
[Site "Madrid ESP"]
[Date "2011.02.08"]
[Round "2.3"]
[White "Osorio Ramos, Francisco"]
[Black "Estrada Martinez, Cesar"]
[Result "0-1"]
[WhiteElo "1876"]
[BlackElo "2167"]
[PlyCount "80"]
[EventDate "2011.02.07"]
[EventType "swiss"]
[EventRounds "9"]
[EventCountry "ESP"]
[Source "lmi"]
[SourceDate "2011.02.07"]

1. Nf3 Nf6 2. d4 g6 3. c4 c5 4. d5 b5 5. cxb5 a6 6. bxa6 Bxa6 7. Nc3 Bg7 8. g3
O-O 9. Bg2 d6 10. O-O Nbd7 11. Qc2 Qb6 12. Rb1 Rfb8 13. Rd1 h6 14. h3 Ne8 15.
e4 Nc7 16. Bf1 Bxf1 17. Rxf1 Nb5 18. Nxb5 Qxb5 19. b3 Qa6 20. a4 Rb7 21. Bb2
Rab8 22. Bxg7 Kxg7 23. Rb2 Rb4 24. Rfb1 Kh7 25. Re1 c4 26. Reb1 cxb3 27. Qc6
Qxa4 28. Qxa4 Rxa4 29. Nd2 Nc5 30. f3 Ra2 31. Kf1 Rxb2 32. Rxb2 f5 33. Ke2 fxe4
34. fxe4 Rb4 35. Ke3 Kg7 36. h4 h5 37. Kf3 Rd4 38. Ke3 Rd3+ 39. Kf2 Rxd2+ 40.
Rxd2 Nxe4+ 0-1

[Event "Madrid ch Veteranos 2010-2011"]
[Site "Madrid ESP"]
[Date "2011.02.08"]
[Round "2.4"]
[White "Casares Ripol, Fernando"]
[Black "Pardo Robles, Jose Manuel"]
[Result "1-0"]
[WhiteElo "2109"]
[BlackElo "1865"]
[PlyCount "127"]
[EventDate "2011.02.07"]
[EventType "swiss"]
[EventRounds "9"]
[EventCountry "ESP"]
[Source "lmi"]
[SourceDate "2011.02.07"]

1. e4 c5 2. c3 Nc6 3. d4 e6 4. d5 exd5 5. exd5 Qe7+ 6. Be2 Ne5 7. Be3 d6 8. h3
f5 9. Nf3 Nxf3+ 10. Bxf3 f4 11. Qa4+ Bd7 12. Qxf4 O-O-O 13. O-O g6 14. Nd2 Bh6
15. Qe4 Qf8 16. Bg4 Nf6 17. Bxd7+ Nxd7 18. Nc4 Kc7 19. Rae1 Bxe3 20. fxe3 Qe8
21. Qf4 Nb6 22. Qf7+ Rd7 23. Qxe8 Rxe8 24. Nxb6 Kxb6 25. c4 Rde7 26. Rf6 Kc7
27. Kf2 a6 28. Rf3 b5 29. b3 bxc4 30. bxc4 Rb8 31. Re2 a5 32. e4 a4 33. Rc3 Rb1
34. Ke3 Rf7 35. Kd3 Rff1 36. Rcc2 Rfd1+ 37. Rcd2 Rxd2+ 38. Rxd2 Re1 39. Re2
Rd1+ 40. Kc2 Rd4 41. Kc3 Rd1 42. e5 dxe5 43. Rxe5 Rc1+ 44. Kd3 Ra1 45. Re2 Kd6
46. Rc2 Rd1+ 47. Kc3 g5 48. Kb2 Rd3 49. Re2 Rg3 50. Re6+ Kd7 51. Rh6 a3+ 52.
Kc2 Rxg2+ 53. Kb3 Rg3+ 54. Ka4 g4 55. Rxh7+ Kd6 56. hxg4 Rxg4 57. Kb5 Rg2 58.
Rh6+ Kd7 59. Kxc5 Rxa2 60. Rh7+ Ke8 61. Kd6 Rg2 62. Ra7 a2 63. Kc6 Rc2 64. c5
1-0

[Event "Madrid ch Veteranos 2010-2011"]
[Site "Madrid ESP"]
[Date "2011.02.08"]
[Round "2.5"]
[White "Galan Aguado, Fernando"]
[Black "Lorite Cruz, Francisco"]
[Result "0-1"]
[WhiteElo "1841"]
[BlackElo "2095"]
[PlyCount "88"]
[EventDate "2011.02.07"]
[EventType "swiss"]
[EventRounds "9"]
[EventCountry "ESP"]
[Source "lmi"]
[SourceDate "2011.02.07"]

1. d4 Nf6 2. Nf3 c5 3. e3 g6 4. c3 b6 5. Be2 Bb7 6. O-O Bg7 7. Nbd2 O-O 8. Qb3
Qc7 9. Ne5 d6 10. Nd3 Nbd7 11. Nf4 e5 12. dxe5 dxe5 13. Nd3 Rfd8 14. Rd1 Bd5
15. c4 Bb7 16. Ne1 e4 17. Nf1 Ne5 18. Bd2 Ne8 19. a4 Nd6 20. a5 Ba6 21. Rdc1
Nc6 22. axb6 axb6 23. Ra4 Bb7 24. Rca1 Rxa4 25. Rxa4 f5 26. Bc3 Bxc3 27. Qxc3
Nf7 28. h4 Nfe5 29. h5 Rd6 30. Nc2 Qg7 31. Na3 g5 32. Nb5 Rd8 33. Qa3 g4 34.
Nc3 Nf3+ 35. Kh1 Qg5 36. Bxf3 exf3 37. Ng3 fxg2+ 38. Kxg2 Nb4+ 39. e4 f4 40.
Nf5 Qxf5 41. Ra7 Bxe4+ 42. Nxe4 Qxe4+ 43. Kh2 g3+ 44. fxg3 Qe2+ 0-1

[Event "Madrid ch Veteranos 2010-2011"]
[Site "Madrid ESP"]
[Date "2011.02.08"]
[Round "2.6"]
[White "Cabanas Bravo, Juan Andres"]
[Black "Beekhof Harmsen, Willen"]
[Result "1-0"]
[WhiteElo "2059"]
[BlackElo "1835"]
[PlyCount "45"]
[EventDate "2011.02.07"]
[EventType "swiss"]
[EventRounds "9"]
[EventCountry "ESP"]
[Source "lmi"]
[SourceDate "2011.02.07"]

1. e4 d6 2. d4 Nf6 3. Nc3 Nbd7 4. f4 e5 5. Nf3 exd4 6. Qxd4 Be7 7. e5 c5 8. Qa4
dxe5 9. fxe5 Nh5 10. g4 Bh4+ 11. Ke2 Ng3+ 12. hxg3 Bxg3 13. Ne4 Bxe5 14. Nxe5
O-O 15. Nc4 Nb6 16. Nxb6 Bxg4+ 17. Kf2 axb6 18. Qc4 Be6 19. Qd3 f5 20. Qxd8
Raxd8 21. Ng5 Bd5 22. Rxh7 Be4 23. Bc4+ 1-0

[Event "Madrid ch Veteranos 2010-2011"]
[Site "Madrid ESP"]
[Date "2011.02.08"]
[Round "2.7"]
[White "Mina Mena, Jesus"]
[Black "De Paz Nistal, Santiago"]
[Result "0-1"]
[WhiteElo "1819"]
[BlackElo "2025"]
[PlyCount "42"]
[EventDate "2011.02.07"]
[EventType "swiss"]
[EventRounds "9"]
[EventCountry "ESP"]
[Source "lmi"]
[SourceDate "2011.02.07"]

1. Nf3 Nf6 2. g3 b6 3. Bg2 Bb7 4. d3 e6 5. e4 d6 6. O-O Be7 7. Nc3 Nbd7 8. Ne1
d5 9. f4 dxe4 10. dxe4 Nc5 11. Qe2 Ncxe4 12. Nxe4 Bxe4 13. Bxe4 Qd4+ 14. Be3
Qxe4 15. Qb5+ c6 16. Qb3 O-O 17. Ng2 Ng4 18. Kh1 Nxe3 19. Qxe3 Qxc2 20. Rf2 Qf5
21. Qf3 Qd5 0-1

[Event "Madrid ch Veteranos 2010-2011"]
[Site "Madrid ESP"]
[Date "2011.02.08"]
[Round "2.8"]
[White "Garcia Esteban, Ignacio"]
[Black "Alvarez Escudero, Manuel"]
[Result "0-1"]
[WhiteElo "2024"]
[BlackElo "1827"]
[PlyCount "132"]
[EventDate "2011.02.07"]
[EventType "swiss"]
[EventRounds "9"]
[EventCountry "ESP"]
[Source "lmi"]
[SourceDate "2011.02.07"]

1. e4 e5 2. Nf3 Nc6 3. Bb5 d6 4. d4 exd4 5. Nxd4 Bd7 6. Bxc6 bxc6 7. Nc3 Be7 8.
O-O Bf6 9. Qd3 Ne7 10. f4 O-O 11. Be3 c5 12. Nf3 Nc6 13. a3 Re8 14. Rad1 Rb8
15. e5 Be7 16. b3 Bg4 17. Qe4 Qd7 18. Rd2 Nd8 19. h3 Bf5 20. Qc4 Qe6 21. Qa4
Nb7 22. Nd5 Qg6 23. Nxc7 Red8 24. Nd5 Bf8 25. Nh4 Qe6 26. Nxf5 Qxf5 27. g4 Qe6
28. Qe4 dxe5 29. fxe5 Nd6 30. Qf4 Nb5 31. Rfd1 Nd4 32. Bxd4 Rxd5 33. Bc3 Rbd8
34. Rxd5 Rxd5 35. Rxd5 Qxd5 36. Qd2 Qf3 37. Qd3 Qf4 38. Kg2 h5 39. Qd2 Qe4+ 40.
Kg3 Be7 41. Qe3 h4+ 42. Kf2 Qh1 43. Qf3 Qc1 44. Qa8+ Bf8 45. Qe4 c4 46. b4 Qxa3
47. Qxc4 Qc1 48. Qe4 a5 49. e6 fxe6 50. Qxe6+ Kh8 51. Qf5 Bxb4 52. Qh5+ Kg8 53.
Qe8+ Bf8 54. Qe6+ Kh8 55. Qf5 Bb4 56. Qh5+ Kg8 57. Qe8+ Bf8 58. Qe6+ Kh8 59.
Qf5 Kg8 60. g5 Qh1 61. Qe6+ Kh8 62. Qh6+ Kg8 63. Qe6+ Kh8 64. Qe5 Qxh3 65. Bxa5
Qg4 66. Bc7 h3 0-1

[Event "Madrid ch Veteranos 2010-2011"]
[Site "Madrid ESP"]
[Date "2011.02.08"]
[Round "2.9"]
[White "Lopez Heras, Arturo"]
[Black "Keller, August"]
[Result "1-0"]
[WhiteElo "2021"]
[BlackElo "1779"]
[PlyCount "61"]
[EventDate "2011.02.07"]
[EventType "swiss"]
[EventRounds "9"]
[EventCountry "ESP"]
[Source "lmi"]
[SourceDate "2011.02.07"]

1. c4 Nf6 2. Nc3 g6 3. Nf3 Bg7 4. e4 c5 5. d4 cxd4 6. Nxd4 Nc6 7. Be3 O-O 8.
Be2 Nxd4 9. Bxd4 d6 10. O-O e5 11. Be3 Be6 12. f3 Qe7 13. Qd2 Rfd8 14. Rad1 a6
15. b3 Rac8 16. Rc1 Rc6 17. Rfd1 Rdc8 18. Na4 Qc7 19. c5 d5 20. Nb6 Rd8 21. b4
d4 22. Bg5 Re8 23. Qc2 h6 24. Bh4 g5 25. Bg3 Nh5 26. b5 Rxb6 27. cxb6 Qxb6 28.
Qc5 Qxc5 29. Rxc5 Nxg3 30. hxg3 axb5 31. Bxb5 1-0

[Event "Madrid ch Veteranos 2010-2011"]
[Site "Madrid ESP"]
[Date "2011.02.08"]
[Round "2.10"]
[White "Moragrega Herrero, Juan Jose"]
[Black "Arroyo Fraile, Mario"]
[Result "1-0"]
[WhiteElo "1970"]
[BlackElo "1758"]
[PlyCount "81"]
[EventDate "2011.02.07"]
[EventType "swiss"]
[EventRounds "9"]
[EventCountry "ESP"]
[Source "lmi"]
[SourceDate "2011.02.07"]

1. d4 Nf6 2. g3 d5 3. Bg2 g6 4. f3 e6 5. Nh3 c5 6. c3 Nc6 7. Nf2 Bg7 8. O-O
cxd4 9. cxd4 O-O 10. f4 Qb6 11. e3 a5 12. Nc3 Qc7 13. Bd2 b6 14. Rc1 Ba6 15.
Re1 Qd7 16. Bf1 Bxf1 17. Rxf1 Nb4 18. a3 Na6 19. Nd3 h5 20. Ne5 Qe8 21. Qe2 Ne4
22. Nf3 f6 23. Rc2 Nd6 24. e4 dxe4 25. Nxe4 Nxe4 26. Qxe4 Rc8 27. Rfc1 Rxc2 28.
Rxc2 Kh7 29. Rc6 f5 30. Qxe6 Qxe6 31. Ng5+ Kh6 32. Nxe6 Rf6 33. Bc3 Nb8 34.
Rxb6 Nd7 35. Rd6 Rf7 36. Ng5 Re7 37. Bxa5 Nf6 38. Bd8 Re1+ 39. Kf2 Ne4+ 40.
Nxe4 Rxe4 41. Bb6 1-0

[Event "Madrid ch Veteranos 2010-2011"]
[Site "Madrid ESP"]
[Date "2011.02.09"]
[Round "3.1"]
[White "De Paz Nistal, Santiago"]
[Black "Ortiz Herranz, Eleazar"]
[Result "1/2-1/2"]
[WhiteElo "2025"]
[BlackElo "2243"]
[PlyCount "41"]
[EventDate "2011.02.07"]
[EventType "swiss"]
[EventRounds "9"]
[EventCountry "ESP"]
[Source "lmi"]
[SourceDate "2011.02.07"]

1. e4 e6 2. d4 d5 3. Nd2 a6 4. Bd3 Nf6 5. e5 Nfd7 6. Ne2 c5 7. c3 Nc6 8. O-O
cxd4 9. cxd4 Be7 10. Kh1 Qb6 11. Qb3 f6 12. f4 f5 13. Qxb6 Nxb6 14. a3 Na5 15.
b3 Bd7 16. Bb2 Rc8 17. Rac1 Kf7 18. Kg1 h6 19. Kf2 Rxc1 20. Rxc1 Rc8 21. Rxc8
1/2-1/2

[Event "Madrid ch Veteranos 2010-2011"]
[Site "Madrid ESP"]
[Date "2011.02.09"]
[Round "3.2"]
[White "Pastor Alonso De Prado, Emilio Alberto"]
[Black "Lopez Heras, Arturo"]
[Result "1-0"]
[WhiteElo "2176"]
[BlackElo "2021"]
[PlyCount "113"]
[EventDate "2011.02.07"]
[EventType "swiss"]
[EventRounds "9"]
[EventCountry "ESP"]
[Source "lmi"]
[SourceDate "2011.02.07"]

1. e4 e5 2. Nf3 Nc6 3. Nc3 Nf6 4. Bb5 Bd6 5. O-O O-O 6. d3 Re8 7. h3 h6 8. Nh2
Nd4 9. Bc4 c6 10. Kh1 Bf8 11. f4 d6 12. fxe5 dxe5 13. Ne2 b5 14. Bb3 Nxb3 15.
axb3 c5 16. Ng3 Be6 17. Qf3 Nh7 18. Nf5 Bxf5 19. Qxf5 Qf6 20. Qxf6 Nxf6 21.
Bxh6 Nh5 22. Bd2 Ng3+ 23. Kg1 Nxf1 24. Nxf1 Red8 25. Ne3 Rd6 26. Nd5 a6 27. c4
b4 28. Kf2 Rc6 29. Kf3 Bd6 30. Be1 a5 31. Bg3 Rca6 32. Ra4 Kh7 33. Ne3 Kg6 34.
Ng4 Re8 35. Ra1 f5 36. exf5+ Kxf5 37. Ne3+ Kg6 38. Ke4 Bc7 39. Ng4 Kg5 40. Rf1
Kg6 41. Rf3 a4 42. bxa4 Rxa4 43. Nxe5+ Bxe5 44. Bxe5 Ra7 45. Rg3+ Kh7 46. Kd5
Rd7+ 47. Kc6 Rde7 48. Bd6 Rc8+ 49. Kd5 Rd7 50. Re3 Kg8 51. Re7 Rdd8 52. Ra7 Re8
53. Be7 Kh7 54. g4 Kg6 55. h4 Kh6 56. Rb7 g6 57. Bg5# 1-0

[Event "Madrid ch Veteranos 2010-2011"]
[Site "Madrid ESP"]
[Date "2011.02.09"]
[Round "3.3"]
[White "Estrada Martinez, Cesar"]
[Black "Moragrega Herrero, Juan Jose"]
[Result "1-0"]
[WhiteElo "2167"]
[BlackElo "1970"]
[PlyCount "77"]
[EventDate "2011.02.07"]
[EventType "swiss"]
[EventRounds "9"]
[EventCountry "ESP"]
[Source "lmi"]
[SourceDate "2011.02.07"]

1. c4 c6 2. e4 e5 3. Nf3 d6 4. d4 Qc7 5. h3 h6 6. Nc3 Nf6 7. Be3 a6 8. Rc1 Nbd7
9. Be2 Be7 10. O-O Nf8 11. Qd2 g5 12. b4 c5 13. bxc5 dxc5 14. dxc5 Bxc5 15. Nd5
Nxd5 16. cxd5 Bxe3 17. Qxe3 Qd6 18. Qc3 Ng6 19. Qc7 Qxc7 20. Rxc7 O-O 21. Rfc1
Rb8 22. Bc4 b5 23. Bb3 a5 24. d6 Nf4 25. R7c5 Be6 26. Rxe5 Rfd8 27. a3 a4 28.
Bd5 Nxd5 29. exd5 Bxh3 30. Re7 Rf8 31. Ne5 Rbd8 32. Rcc7 Bf5 33. Nxf7 Rxf7 34.
Rxf7 Rxd6 35. f3 Rxd5 36. g4 Rd1+ 37. Kf2 Bb1 38. Ra7 Rd2+ 39. Kf1 1-0

[Event "Madrid ch Veteranos 2010-2011"]
[Site "Madrid ESP"]
[Date "2011.02.09"]
[Round "3.4"]
[White "Camarero Izquierdo, Juan Carlos"]
[Black "Casares Ripol, Fernando"]
[Result "0-1"]
[WhiteElo "1939"]
[BlackElo "2109"]
[PlyCount "96"]
[EventDate "2011.02.07"]
[EventType "swiss"]
[EventRounds "9"]
[EventCountry "ESP"]
[Source "lmi"]
[SourceDate "2011.02.07"]

1. e4 d5 2. e5 Bf5 3. d4 e6 4. h4 h6 5. Bd3 Bxd3 6. Qxd3 c5 7. dxc5 Nc6 8. f4
Bxc5 9. Qg3 Nge7 10. Qxg7 Rg8 11. Qxh6 Nd4 12. Qh7 Rxg2 13. Bd2 Rxg1+ 14. Rxg1
Nf3+ 15. Kd1 Nxg1 16. b4 Bb6 17. f5 exf5 18. Bg5 Bd4 19. Qh8+ Kd7 20. e6+ fxe6
21. Qxd4 Nf3 22. Qf4 Nxg5 23. hxg5 Qh8 24. c3 Qh1+ 25. Kc2 Rh8 26. Qd4 Qe4+ 27.
Qxe4 dxe4 28. Na3 Rh2+ 29. Kb3 Rg2 30. Rd1+ Kc6 31. Nc4 Nd5 32. Ne5+ Kd6 33.
Nc4+ Kc7 34. g6 Rxg6 35. Rh1 Rg7 36. Rh6 Kd7 37. Ne5+ Kd6 38. Ng6 b5 39. c4
bxc4+ 40. Kxc4 Rc7+ 41. Kb3 e3 42. Nh4 f4 43. Nf3 e2 44. Kb2 Nxb4 45. Rh2 Nd3+
46. Kb3 e1=Q 47. Nxe1 Nxe1 48. Rh1 Ng2 0-1